Countries that Beat the United States - XL Edition - Statistics

General Stats
  • This quiz has been taken 432 times
  • The average score is 55 of 100
Answer Stats
Rank Category Countries % Correct
3 Most populated China | India
100%
4 Northernmost point Canada | Russia | Norway
97%
3 Most international tourists France | Spain
96%
4 Most 7.5 earthquakes since 1900 Indonesia | Japan | Chile
92%
4 Biggest (surface area) Russia | Canada | China
92%
2 Most nuclear warheads Russia
87%
4 Olympic medals in Alpine skiing Austria | Switzerland | France
84%
4 Most wine production Italy | Spain | France
83%
5 Largest as a percent of his continent Australia | Brazil | Canada | Russia
81%
3 Longest coastlines Canada | Russia
79%
2 Largest country bordering each other Russia/China
78%
4 Coldest recorded temperature Denmark | Russia | Canada
76%
3 First to host Summer Olympics Greece | France
76%
2 Highest CO2 emissions China
75%
2 Most Winter Olympics medals Norway
74%
2 Most populous as a percent of his continent Australia
73%
7 Most murders Brazil | India | Mexico | South Africa | Nigeria | Venezuela
73%
2 Most islands over 10 km2 Canada
72%
2 Most reindeers Canada
72%
4 Most Spanish speakers Mexico | Colombia | Argentina
72%
2 Most active volcanos Indonesia
70%
5 Most languages Papua New Guinea | Indonesia | Nigeria | India
70%
2 That produces the most toys China
69%
3 Most cathedrals Italy | Brazil
69%
5 Fastest marathoners Kenya | Ethiopia | Japan | Morocco
69%
7 Most Anglicans Nigeria | United Kingdom | Uganda | Sudan | Australia | Kenya
69%
8 Highest snowfall South Korea | Denmark | Nepal | China | North Korea | Norway | Russia
69%
5 Most wolves Canada | Kazakhstan | Russia | Mongolia
67%
2 Most farmland India
67%
4 Most proven natural gas reserves Russia | Iran | Qatar
67%
3 First to host Winter Olympics France | Switzerland
66%
3 Most overseas territories France | United Kingdom
66%
10 Highest obesity rate Nauru | Palau | Marshall Islands | Tuvalu | Tonga | Samoa | Kiribati | Micronesia | Kuwait
66%
5 Most guessed capital France | Italy | United Kingdom | Germany
63%
10 Most democratic not in Europe New Zealand | Canada | Australia | Uruguay | Mauritius | Costa Rica | South Korea | Japan | Chile
63%
6 Vodka consumption per capita Russia | Poland | Ukraine | Bulgaria | Slovakia
63%
5 Longest total border China | Russia | Brazil | India
62%
3 Most time zones France | Russia
62%
5 Most mentioned enemy of the USA in 2008 Iran | Iraq | China | North Korea
62%
3 Most Polish speakers (exepted Poland) Germany | United Kingdom
61%
4 Biggest importer of salmon out of Europe Thailand | Singapore | China
60%
2 Best city for travellers (Lonely Planet) France
59%
3 Greatest number of feature films India | Nigeria
59%
5 Most generous (aid to foreign nations) not in Europe Australia | Canada | New Zealand | Japan
58%
2 Most skyscrapers China
58%
2 Most populated country where English is an official language India
58%
5 Current flag for the longest Denmark | Sweden | Netherlands | United Kingdom
57%
2 City with the most skyscrapers China
56%
4 Biggest car builder company Germany | Japan | France
56%
9 Most CO2 emissions per capita Qatar | Kuwait |Trinidad and Tobago | Bahrain | United Arab Emirates | Brunei | Saudi Arabia | Luxembourg
56%
8 Highest education Australia | Denmark | New Zealand | Norway | Germany | Ireland | Iceland
55%
4 Highest HDI not in Europe Australia | Singapore | Canada
55%
2 Olympic gold medals in baseball Cuba
55%
2 Most cities as a percent of his continent Australia
54%
4 Most Catholics Brazil | Mexico | Philippines
54%
2 Most stripes on its flag Malaysia
54%
11 Most JetPunk users per capita United Kingdom | Finland | New Zealand | Ireland | Iceland | Australia | Monaco | Canada | Malta | Norway
54%
3 Last in the alphabetical order starting with U Uruguay | Uzbekistan
54%
2 With the most companies in the top 500 (revenue) China
53%
2 Fastest person in the 100 meter dash Jamaica
53%
3 First where Elon Musk lived South Africa | Canada
53%
2 Biggest country having dollar as money Canada
52%
3 Westernmost point Fiji | Russia
52%
9 Most judicial executions in 2019 Iran | Saudi Arabia | Iraq | North Korea | China | Vietnam | Syria | Egypt
52%
3 Beef consumption per capita Argentina | Uruguay
50%
4 Easternmost point Fiji | Russia | Tuvalu
50%
3 Most WhatsApp accounts India | Brazil
50%
7 Most Covid deaths per capita Belgium | Slovenia | United Kingdom | Czechia | Italy | Bosnia and Herzegovina
48%
3 Biggest cosmetic company (revenue) France | United Kingdom/Netherlands
48%
4 Chocolate consumption per capita out of Europe New Zealand | Australia | (Russia)
48%
2 Most appealing cities for working abroad United Kingdom
48%
2 With the most 3DS consoles sold Japan
45%
2 Biggest champagne importer United Kingdom
45%
4 (t) Most guessed at the French COTW (exepted France) Canada | Italy | Russia
42%
7 Most important fleet (deadweight tonnage) Greece | Japan | China | Germany | Singapore | South Korea
42%
3 Biggest urban area starting with C Egypt | India
41%
3 Biggest urban area starting with D India | Bangladesh
41%
3 Owner of the island with the highest elevation Indonesia | Papua New Guinea
41%
4 Biggest candles exporter China | Poland | Vietnam
40%
2 Most expensive city Switzerland
40%
2 Most searched on Google India
39%
2 Biggest urban area starting with P France
38%
3 Highest chimney Kazakhstan | Canada
38%
2 Biggest urban area starting with L Nigeria
36%
7 Most water desalinated Saudi Arabia | United Arab Emirates | Kazakhstan | Algeria | Qatar | Israel
35%
2 Most Dutch speakers out of Europe Suriname
35%
4 Most volcano deaths in America El Salvador | Colombia | Guatemala
33%
2 Most populous 7-letter urban area Indonesia
33%
4 Most Nobel Prizes per capita out of Europe Saint Lucia | East Timor | Israel
33%
2 Most wealth per capita Switzerland
31%
4 Most vehicles per capita San Marino | Monaco | New Zealand
30%
2 Female population minus male population Russia
29%
2 Most Italian speakers (exepted Italy) Brazil
27%
2 Hottest recorded temperature Kuwait
25%
2 Highest military spending per capita Israel
22%
2 With the most Sega Master System sold Brazil
18%
4 Meat consumption per capita Iceland | Lithuania | Denmark
15%
2 Most Starbucks outlets per capita Monaco
14%
3 Highest turkey consumption Israel | Hungary
13%
2 Food energy intake per capita Austria
6%
No matching quizzes found
Score Distribution
Percent of People with Each Score
Percentile by Number Answered
Your Score History
You have not taken this quiz